00610nam a2200157Ia 4500008004100000040001800041041000800059100003000067245008000097260006400177300001800241502009800259650005000357650002200407650002300429130821s1960 ck grdd spa  aCo-BoUCMbspa00aspa1 aPombo Román, Antonio De10aAlgunos aspectos jurídicos y económicos del marcAntonio de Pombo Roman aBogotá (Colombia)bPontificia Universidad Javerianac1960 a101 páginas aTesis (Abogado). -- Universidad Javeriana. Facultad de Ciencias Juridicas y Socioeconómicas04aAguas jurisdiccionalesxAspectos económicos04aDerecho comercial04aDerecho marítimo